Loading...
| Current Events | 3 | 10.00 | 67% | 33% | 0% |
| Fine Arts - Classical Music | 7 | 10.00 | 29% | 43% | 29% |
| Fine Arts - Other | 13 | 12.31 | 31% | 77% | 15% |
| Fine Arts - Painting & Sculpture | 7 | 12.86 | 29% | 43% | 57% |
| Geography | 1 | 20.00 | 100% | 100% | 0% |
| History - American | 6 | 11.67 | 67% | 17% | 33% |
| History - European | 8 | 15.00 | 25% | 75% | 50% |
| History - Other | 9 | 13.33 | 56% | 44% | 33% |
| History - World | 3 | 13.33 | 67% | 67% | 0% |
| Literature - American | 7 | 12.86 | 71% | 14% | 43% |
| Literature - British | 4 | 10.00 | 50% | 25% | 25% |
| Literature - European | 9 | 11.11 | 44% | 22% | 44% |
| Literature - World | 5 | 16.00 | 60% | 40% | 60% |
| Mythology | 3 | 10.00 | 33% | 0% | 67% |
| Other Academic | 4 | 10.00 | 25% | 50% | 25% |
| Philosophy | 6 | 11.67 | 50% | 17% | 50% |
| Religion | 3 | 13.33 | 33% | 100% | 0% |
| Science - Biology | 9 | 8.89 | 33% | 22% | 33% |
| Science - Chemistry | 5 | 8.00 | 0% | 40% | 40% |
| Science - Other | 7 | 12.86 | 57% | 29% | 43% |
| Science - Physics | 7 | 12.86 | 43% | 43% | 43% |
| Social Science | 3 | 6.67 | 0% | 33% | 33% |